Échecs: Ne te fais pas capturer #2 - Mort subite - Statistiques

Statistiques générales
  • Ce quiz a été pris 1 808 fois
  • Le résultat moyen est 15 sur 26
Answers on the Grid
Answers color-coded by a green-red scale on the quiz's grid according to % correct below.
 
Statistiques - réponses
Réponse % Correct
64%
63%
63%
62%
62%
62%
62%
61%
61%
59%
59%
59%
58%
58%
58%
56%
54%
54%
53%
53%
52%
51%
51%
50%
49%
46%
Aucun quiz correspondant
Distribution des résultats
% des personnes avec chaque résultat
Percentile par nombre de réponses
Votre historique - résultats
Vous n’avez pas pris ce quiz